000 00710nam a22001937a 4500
999 _c7025
_d7025
003 CISL
005 20260111234828.0
008 260112t2024 bg |||g |||| 000 f|ben|d
020 _a98482861843
040 _cCISL
082 _222
_a891.44371
_bCSD
100 _aচট্টোপাধ্যায়, শরৎচন্দ্র
_4Sarat Chandra Chattopadhyay
245 _aদত্তা /
_cশরৎচন্দ্র চট্টোপাধ্যায়
260 _aঢাকা:
_bশব্দশিল্প,
_c[c2021]
300 _a১০৭ পৃ.
_b২১.০৫ সে.মি.
650 _xBengali literature
_xNovel
_zBangladesh
650 _xJuvenile Literature
942 _2ddc
_cBK